Conferencia sobre la lluvia /

Gardado en:
Detalles Bibliográficos
Autor Principal: Villoro, Juan (autor)
Formato: Libro
Idioma:Lingua castelá
Publicado: México : Almadía, 2016, c2016
Edición:2a edición
Temas:
Etiquetas: Engadir etiqueta
Sen Etiquetas, Sexa o primeiro en etiquetar este rexistro!

MARC

LEADER 00000nam^a2200000^a^4500
001 000432242
005 20250521000000.0
009 20260310123010.701
020 |a 978-607-8486-20-5 
037 |a Acervo ITESO - Biblioteca 
041 |a ESP 
082 |a 862.  |b VIL 
100 |a Villoro, Juan  |e (autor) 
245 1 0 |a Conferencia sobre la lluvia /  |c J. Villoro. 
250 |a 2a edición 
264 4 |a México :  |b Almadía,  |c 2016, c2016 
300 |a 635 p. 
336 |a texto  |b txt  |2 rdacontenido 
337 |a sin mediación  |b n  |2 rdamedio 
338 |a volumen  |b nc  |2 rdasoporte 
521 |a FIL 2018 DIA 
545 0 |a Nacido en la Ciudad de México en 1956, Juan Villoro dirigió de 1995 a 1998 el suplemento La Jornada Semanal; ha colaborado en numerosas publicaciones culturales e incursionado en géneros muy diversos como la traducción, el cuento, la crónica, la novela y la literatura para niños. Es considerado un renovador de la narrativa contemporánea. Ha obtenido reconocimientos como el Premio Xavier Villaurrutia 1999 y el Premio Anagrama de Novela 2004. Algunos de sus títulos son: El mariscal de campo (1978); La noche navegable (1980); Albercas (1985); Tiempo transcurrido (1986); El disparo de argón (1991); La alcoba dormida (1992); Los once de la tribu (1995); Materia dispuesta (1996); La casa pierde (1998); y Efectos personales (2000), entre otros. 
649 |a XX 
650 |a Monólogo Mexicano 
650 |a Teatro Mexicano 
650 |a Literatura Mexicana -  |y Siglo XXI 
650 |a Conferencias y el Arte de Disertar 
910 |a Fondo General 
920 |a Impresos - Libros 
930 |a Colección General 
940 |a Literatura 
905 |a 101 
901 |a 0500311680  |b IT1  |c LIT  |i C164355  |u 20250521 
902 |a https://opac.biblio.iteso.mx/vufind/Record/000432242